Measuring museum impact and performance : theory and practice /

Bibliographic Details
Main Author: Jacobsen, John W. (Author)
Format: Book
Language:English
Published: Lanham, Maryland : Rowman & Littlefield, [2016]
Subjects:

MARC

Tag First Indicator Second Indicator Subfields
LEADER 00000cam a2200000 i 4500
001 in00003758313
005 20170927135051.0
008 151217t20162016mdua b 001 0 eng
010 |a  2015049367 
020 |a 9781442263291  |q hardcover :  |q alkaline paper 
020 |a 1442263296  |q hardcover :  |q alkaline paper 
020 |a 9781442263307  |q paperback :  |q alkaline paper 
020 |a 144226330X  |q paperback :  |q alkaline paper 
035 |a (OCoLC)ocn928606706 
040 |a DLC  |e rda  |c DLC  |d TXA  |d UtOrBLW 
049 |a TXAM 
050 0 0 |a AM7  |b .J33 2016 
082 0 0 |a 069  |2 23 
100 1 |a Jacobsen, John W.,  |e author.  |0 http://id.loc.gov/authorities/names/n2015072916 
245 1 0 |a Measuring museum impact and performance :  |b theory and practice /  |c John W. Jacobsen. 
264 1 |a Lanham, Maryland :  |b Rowman & Littlefield,  |c [2016] 
264 4 |c ©2016 
300 |a xiv, 171 pages :  |b illustrations ;  |c 29 cm. 
336 |a text  |b txt  |2 rdacontent 
337 |a unmediated  |b n  |2 rdamedia 
338 |a volume  |b nc  |2 rdacarrier 
504 |a Includes bibliographical references and index. 
505 0 |a Part I. Theory: how and why do museums do what they do? -- Finding the museum theory of action -- Identifying potential museum impacts -- Measuring impact -- Part II. Practice: how do you measure your museum's impact and performance? -- Shift from theory to practice -- Prioritize your museum's purposes and impacts -- Determine your museum's performance metrics -- Compare your museum to your peers -- Report changes in your impact and performance -- Summary and future potentials. 
650 0 |a Museums  |x Evaluation. 
650 0 |a Museums and community.  |0 http://id.loc.gov/authorities/subjects/sh2009005398 
650 0 |a Museum techniques  |x Evaluation. 
945 |a PromptCat 
948 |a cataloged  |b h  |c 2016/5/16  |d c  |e dmitchel  |f 11:00:00 am 
994 |a C0  |b TXA 
999 f f |s 8fff4b65-f8ab-3fa6-81ff-4a963c0f3dae  |i c693df71-f990-3ad0-8433-011801b9b239  |t 0 
952 f f |p normal  |a Texas A&M University  |b College Station  |c Sterling C. Evans Library  |d Evans: Library Stacks  |t 0  |e AM7 .J33 2016  |h Library of Congress classification  |i unmediated -- volume  |m A14843400269 
998 f f |a AM7 .J33 2016  |t 0  |l Evans: Library Stacks